000 00956cam a22002653a 4500
001 15618
003 PGUSA
005 20140828083332.0
008 050414s2005||||xxu|||||s|||||000 p eng d
040 _aPGUSA
_beng
042 _adc
050 4 _aPR
100 1 _aThackeray, William Makepeace,
_d1811-1863
245 1 4 _aThe Loving Ballad of Lord Bateman
_h[electronic resource] /
_cWilliam Makepeace Thackeray
260 _bProject Gutenberg,
_c2005
500 _aAn adaptation of the traditional ballad, variously ascribed to Thackeray, Dickens, and Cruikshank; the text is generally attributed to Thackeray or Cruikshank, the introduction and notes to Dickens.
506 _aPublic domain in the USA.
516 _aElectronic text
653 _aEnglish poetry
653 _aBallads, English
700 1 _aCruikshank, George,
_d1792-1878
830 0 _aProject Gutenberg
_v15618
856 4 0 _uhttp://www.gutenberg.org/ebooks/15618
942 _cEB
999 _c244873
_d244873